000
00330nam a2200133Ia 4500
008
220216s9999 xx 000 0 und d
100
_a
Vijayagopalan K.
245
0
_a
Factice from rubber seed oil
260
_b
Rubber Board Bulletin
_c
1970-71
300
_a
48-51
650
_a
Factice
650
_a
Rubber seed oil
942
_c
BS
999
_c
51112
_d
51112